<?xml version="1.0" encoding="UTF-8"?>
<record
    xmlns:xsi="http://www.w3.org/2001/XMLSchema-instance"
    xsi:schemaLocation="http://www.loc.gov/MARC21/slim http://www.loc.gov/standards/marcxml/schema/MARC21slim.xsd"
    xmlns="http://www.loc.gov/MARC21/slim">

  <leader>03472nam a2200313 a 4500</leader>
  <controlfield tag="003">CHAP</controlfield>
  <controlfield tag="005">20250804101337.0</controlfield>
  <controlfield tag="007">ta</controlfield>
  <controlfield tag="008">230424s20212019ag d|||fr|||| 001 0 spa d</controlfield>
  <datafield tag="020" ind1=" " ind2=" ">
    <subfield code="a">978-987-4051-10-3</subfield>
  </datafield>
  <datafield tag="040" ind1=" " ind2=" ">
    <subfield code="a">mxchpua</subfield>
    <subfield code="c">CHAP</subfield>
    <subfield code="e">rda</subfield>
  </datafield>
  <datafield tag="050" ind1="1" ind2="0">
    <subfield code="a">LB2369</subfield>
    <subfield code="b">.G57 2021</subfield>
  </datafield>
  <datafield tag="082" ind1="0" ind2="0">
    <subfield code="a">001.42</subfield>
    <subfield code="b">G57 2021</subfield>
    <subfield code="2">20</subfield>
  </datafield>
  <datafield tag="100" ind1="1" ind2=" ">
    <subfield code="9">186763</subfield>
    <subfield code="a">Gir&#xF3;, Juan Francisco</subfield>
    <subfield code="e">autor</subfield>
  </datafield>
  <datafield tag="245" ind1="1" ind2="0">
    <subfield code="a">Gu&#xED;a para la elaboraci&#xF3;n de una tesis / </subfield>
    <subfield code="c">Juan Francisco Gir&#xF3;</subfield>
  </datafield>
  <datafield tag="250" ind1=" " ind2=" ">
    <subfield code="a">1a edici&#xF3;n </subfield>
  </datafield>
  <datafield tag="264" ind1=" " ind2=" ">
    <subfield code="a">Argentina : </subfield>
    <subfield code="b">L&#xED;bryco, </subfield>
    <subfield code="c">2021</subfield>
  </datafield>
  <datafield tag="300" ind1=" " ind2=" ">
    <subfield code="a">xvii, 134 p&#xE1;ginas : </subfield>
    <subfield code="b">gr&#xE1;ficas y tablas</subfield>
  </datafield>
  <datafield tag="336" ind1=" " ind2=" ">
    <subfield code="2">rdacontent</subfield>
    <subfield code="a">texto</subfield>
    <subfield code="b">txt</subfield>
  </datafield>
  <datafield tag="337" ind1=" " ind2=" ">
    <subfield code="2">rdamedia</subfield>
    <subfield code="a">sin medio</subfield>
    <subfield code="b">n</subfield>
  </datafield>
  <datafield tag="338" ind1=" " ind2=" ">
    <subfield code="2">rdacarrier</subfield>
    <subfield code="a">volumen</subfield>
    <subfield code="b">nc</subfield>
  </datafield>
  <datafield tag="504" ind1=" " ind2=" ">
    <subfield code="a">Bibliograf&#xED;a : p&#xE1;ginas 131-134</subfield>
  </datafield>
  <datafield tag="520" ind1="2" ind2=" ">
    <subfield code="a">Esta &#x201C;Gu&#xED;a para la Elaboraci&#xF3;n de una Tesis&#x201D; se apoya en tres pilares, que son: I) la profusa literatura sobre este tema, II) la experiencia del autor frente al aula, en la direcci&#xF3;n de trabajos finales y tesis, participaci&#xF3;n en tribunales, comisiones evaluadoras y direcciones de proyectos y III) las vivencias del autor al elaborar sus propias tesis de grado y posgrado, que a pesar del largo tiempo transcurrido, le dejaron inolvidables recuerdos sobre los desaf&#xED;os y dificultades que representaron tanto el propio trabajo como su defensa p&#xFA;blica.

La palabra &#x201C;Gu&#xED;a&#x201D; que est&#xE1; presente en el t&#xED;tulo tiene la finalidad de establecer una diferencia con las numerosas obras de prestigiosos autores sobre este tema. En efecto, Gu&#xED;a es &#x201C;algo que tutela, rige u orienta&#x201D;, por lo que procura concentrar la atenci&#xF3;n en &#x201C;qu&#xE9; hacer&#x201D; y &#x201C;c&#xF3;mo hacerlo&#x201D;, en este caso durante la preparaci&#xF3;n de una tesis, dejando de lado las justificaciones, es decir las explicaciones &#x201C;del porqu&#xE9;&#x201D; o del respaldo de cada acci&#xF3;n. Para esto &#xFA;ltimo est&#xE1;n precisamente los libros cl&#xE1;sicos ya mencionados, a los que se recomienda acudir ante cualquier duda. Otra palabra del t&#xED;tulo es &#x201C;elaboraci&#xF3;n&#x201D;, que significa &#x201C;acciones interrelacionadas que se orientan a la transformaci&#xF3;n de elementos o conceptos en otros de mayor complejidad&#x201D;. La intenci&#xF3;n es enfatizar en el t&#xED;tulo la idea de que se est&#xE1; frente a un instructivo destinado a orientar y acompa&#xF1;ar a un tesista hasta concretar su anhelo, que es el de completar y presentar exitosamente su tesis.

Son las experiencias ajenas y las propias las que han permitido vivir de cerca los problemas que enfrentan los tesistas, cargados de conocimientos y entusiasmo pero habitualmente carentes de una orientaci&#xF3;n oportuna. Esto les dificulta encontrar el camino y transitarlo con convicci&#xF3;n y seguridad. Y tiene fuerte impacto, tanto en los mismos tesistas como en sus directores. En los primeros porque inevitablemente conduce a la necesidad de sucesivos intentos y correcciones, demandando plazos m&#xE1;s prolongados. En los &#xFA;ltimos, porque deben dispersar su atenci&#xF3;n al resolver aspectos formales en lugar de concentrarse en la esencia del trabajo y sus objetivos.

Procurando contribuir a dar respuesta a estas reiteradas dificultades el autor escribi&#xF3; esta Gu&#xED;a, que no es otra cosa que el material de sus cursos, apropiadamente clasificado, ampliado y ordenado. Los resultados dir&#xE1;n si el enfoque propuesto es el acertado.</subfield>
  </datafield>
  <datafield tag="650" ind1="1" ind2="3">
    <subfield code="9">38241</subfield>
    <subfield code="a">Estad&#xED;stica</subfield>
  </datafield>
  <datafield tag="650" ind1="1" ind2="3">
    <subfield code="9">60221</subfield>
    <subfield code="a">Investigaci&#xF3;n</subfield>
    <subfield code="x">Metodolog&#xED;a</subfield>
  </datafield>
  <datafield tag="650" ind1="1" ind2="3">
    <subfield code="9">144311</subfield>
    <subfield code="a">Statistics</subfield>
  </datafield>
  <datafield tag="650" ind1="1" ind2="3">
    <subfield code="9">147181</subfield>
    <subfield code="a">Research  </subfield>
    <subfield code="x">Methodology</subfield>
  </datafield>
  <datafield tag="942" ind1=" " ind2=" ">
    <subfield code="2">ddc</subfield>
    <subfield code="c">Libro</subfield>
  </datafield>
  <datafield tag="999" ind1=" " ind2=" ">
    <subfield code="c">218617</subfield>
    <subfield code="d">218617</subfield>
  </datafield>
  <datafield tag="952" ind1=" " ind2=" ">
    <subfield code="0">0</subfield>
    <subfield code="1">0</subfield>
    <subfield code="2">ddc</subfield>
    <subfield code="4">0</subfield>
    <subfield code="5">1</subfield>
    <subfield code="7">0</subfield>
    <subfield code="8">GRAL</subfield>
    <subfield code="a">IA_</subfield>
    <subfield code="b">IA_</subfield>
    <subfield code="d">2021-12-16</subfield>
    <subfield code="e">Compra Carvann Books F. C 22</subfield>
    <subfield code="i">Consumo</subfield>
    <subfield code="l">0</subfield>
    <subfield code="o">001.42 G57 2021</subfield>
    <subfield code="p">1102014665</subfield>
    <subfield code="r">2023-04-24 00:00:00</subfield>
    <subfield code="t">Ej. 1</subfield>
    <subfield code="w">2023-04-24</subfield>
    <subfield code="y">LIBRO</subfield>
  </datafield>
  <datafield tag="952" ind1=" " ind2=" ">
    <subfield code="0">0</subfield>
    <subfield code="1">0</subfield>
    <subfield code="2">ddc</subfield>
    <subfield code="4">0</subfield>
    <subfield code="5">5</subfield>
    <subfield code="7">0</subfield>
    <subfield code="8">GRAL</subfield>
    <subfield code="a">IA_</subfield>
    <subfield code="b">IA_</subfield>
    <subfield code="d">2021-12-16</subfield>
    <subfield code="e">Compra Carvann Books F. C 22</subfield>
    <subfield code="i">Consumo</subfield>
    <subfield code="l">0</subfield>
    <subfield code="o">001.42 G57 2021</subfield>
    <subfield code="p">1102014666</subfield>
    <subfield code="r">2023-04-24 00:00:00</subfield>
    <subfield code="t">Ej. 2</subfield>
    <subfield code="w">2023-04-24</subfield>
    <subfield code="y">LIBRO</subfield>
  </datafield>
  <datafield tag="952" ind1=" " ind2=" ">
    <subfield code="0">0</subfield>
    <subfield code="1">0</subfield>
    <subfield code="2">ddc</subfield>
    <subfield code="4">0</subfield>
    <subfield code="5">1</subfield>
    <subfield code="7">0</subfield>
    <subfield code="8">GRAL</subfield>
    <subfield code="a">Z</subfield>
    <subfield code="b">Z</subfield>
    <subfield code="d">2023-12-04</subfield>
    <subfield code="e">Compra Libreria UACh No. 42508</subfield>
    <subfield code="i">S/N</subfield>
    <subfield code="l">0</subfield>
    <subfield code="o">001.42 G57 2021</subfield>
    <subfield code="p">5102007591</subfield>
    <subfield code="r">2025-07-31 14:48:32</subfield>
    <subfield code="t">Ej.1</subfield>
    <subfield code="w">2025-07-31</subfield>
    <subfield code="y">LIBRO</subfield>
  </datafield>
  <datafield tag="952" ind1=" " ind2=" ">
    <subfield code="0">0</subfield>
    <subfield code="1">0</subfield>
    <subfield code="2">ddc</subfield>
    <subfield code="4">0</subfield>
    <subfield code="5">1</subfield>
    <subfield code="7">0</subfield>
    <subfield code="8">GRAL</subfield>
    <subfield code="a">Z</subfield>
    <subfield code="b">Z</subfield>
    <subfield code="d">2023-12-04</subfield>
    <subfield code="e">Compra Libreria UACh No. 42508</subfield>
    <subfield code="i">S/N</subfield>
    <subfield code="l">0</subfield>
    <subfield code="o">001.42 G57 2021</subfield>
    <subfield code="p">5102007592</subfield>
    <subfield code="r">2025-07-31 14:48:32</subfield>
    <subfield code="t">Ej.2</subfield>
    <subfield code="w">2025-07-31</subfield>
    <subfield code="y">LIBRO</subfield>
  </datafield>
  <datafield tag="952" ind1=" " ind2=" ">
    <subfield code="0">0</subfield>
    <subfield code="1">0</subfield>
    <subfield code="2">ddc</subfield>
    <subfield code="4">0</subfield>
    <subfield code="5">1</subfield>
    <subfield code="7">0</subfield>
    <subfield code="8">GRAL</subfield>
    <subfield code="a">Z</subfield>
    <subfield code="b">Z</subfield>
    <subfield code="d">2023-12-04</subfield>
    <subfield code="e">Compra Libreria UACh No. 42508</subfield>
    <subfield code="i">S/N</subfield>
    <subfield code="l">0</subfield>
    <subfield code="o">001.42 G57 2021</subfield>
    <subfield code="p">5102007593</subfield>
    <subfield code="r">2025-07-31 14:48:32</subfield>
    <subfield code="t">Ej.3</subfield>
    <subfield code="w">2025-07-31</subfield>
    <subfield code="y">LIBRO</subfield>
  </datafield>
  <datafield tag="952" ind1=" " ind2=" ">
    <subfield code="0">0</subfield>
    <subfield code="1">0</subfield>
    <subfield code="2">ddc</subfield>
    <subfield code="4">0</subfield>
    <subfield code="5">1</subfield>
    <subfield code="7">0</subfield>
    <subfield code="8">GRAL</subfield>
    <subfield code="a">Z</subfield>
    <subfield code="b">Z</subfield>
    <subfield code="d">2023-12-04</subfield>
    <subfield code="e">Compra Libreria UACh No. 42508</subfield>
    <subfield code="i">S/N</subfield>
    <subfield code="l">0</subfield>
    <subfield code="o">001.42 G57 2021</subfield>
    <subfield code="p">5102007594</subfield>
    <subfield code="r">2025-07-31 14:48:32</subfield>
    <subfield code="t">Ej.4</subfield>
    <subfield code="w">2025-07-31</subfield>
    <subfield code="y">LIBRO</subfield>
  </datafield>
  <datafield tag="952" ind1=" " ind2=" ">
    <subfield code="0">0</subfield>
    <subfield code="1">0</subfield>
    <subfield code="2">ddc</subfield>
    <subfield code="4">0</subfield>
    <subfield code="5">1</subfield>
    <subfield code="7">0</subfield>
    <subfield code="8">GRAL</subfield>
    <subfield code="a">Z</subfield>
    <subfield code="b">Z</subfield>
    <subfield code="d">2023-12-04</subfield>
    <subfield code="e">Compra Libreria UACh No. 42508</subfield>
    <subfield code="i">S/N</subfield>
    <subfield code="l">0</subfield>
    <subfield code="o">001.42 G57 2021</subfield>
    <subfield code="p">5102007595</subfield>
    <subfield code="r">2025-07-31 14:50:51</subfield>
    <subfield code="t">Ej.5</subfield>
    <subfield code="w">2025-07-31</subfield>
    <subfield code="y">LIBRO</subfield>
  </datafield>
</record>
